Statistics for First Pokémon by Type Combination: Dark

Click here to take the quiz!

General Stats

  • This quiz has been taken 5 times
  • The average score is 12 of 18

Answer Stats

Type combinationPokédex #PokémonRegion% Correct
Dark / Normal0019RattataAlola
100%
Dark / Poison0088GrimerAlola
80%
Dark / Fire0228HoundourJohto
80%
Dark / Ground0551SandileUnova
80%
Dark / Fighting0559ScraggyUnova
80%
Dark / Ice0215SneaselJohto
80%
Dark / Rock0248TyranitarJohto
80%
Dark / Water0318CarvanhaHoenn
60%
Dark / Dragon0633DeinoUnova
60%
Dark / Fairy0859ImpidimpGalar
60%
Dark / Psychic0686InkayKalos
60%
Dark / Bug0920LokixPaldea
60%
Pure Dark0052MeowthAlola
60%
Dark / Flying0146MoltresGalar
60%
Dark / Electric0877MorpekoGalar
60%
Dark / Grass0274NuzleafHoenn
60%
Dark / Steel0642PawniardUnova
60%
Dark / Ghost0320SableyeHoenn
60%

Score Distribution

Percentile by Number Answered

Percent of People with Each Score

Your Score History

You have not taken this quiz